000 00641nam a2200217 i 4500
001 85969
003 ES-MaACL
005 20250819170004.0
007 t|
008 041203s1971 sp ||||1| spa d
100 1 _aKahn, Fritz.
_967420
245 1 0 _aNuestra vida sexual... /
_cFritz Kahn ; [versión Pablo Elvira y Francisco Narbona].
250 _a[1ª ed.].
260 _aBarcelona :
_bPlaneta,
_c[1971]
300 _a226 p., lám. ;
_c22 cm.
650 0 7 _aSexología
_2embne
_917076
700 1 _aElvira, Pablo.
_947124
700 1 _aNarbona, Francisco.
_984932
852 _aES-MaACL
_jC-46873
_bR.78227
999 _c85969
_d85969